Cliquez pour construire la carte de la France métropolitaine - Statistiques

Statistiques générales
  • Ce quiz a été pris 1 427 fois
  • Le résultat moyen est 61 sur 96
Réponses sur la Carte
Les réponses sont colorées sur une échelle allant du rouge au vert en fonction du pourcentage des utilisateurs qui les ont devinées à leur premier essai. Vous pouvez retrouver ces pourcentages ci-dessous.
 
Statistiques - réponses
Réponse % Correct
Pas-de-Calais
86%
Ain
76%
Haute-Corse
76%
Jura
75%
Morbihan
75%
Haut-Rhin
74%
Loire-Atlantique
74%
Nord
74%
Pyrénées-Atlantiques
74%
Haute-Savoie
73%
Vendée
73%
Yvelines
73%
Finistère
72%
Haute-Vienne
72%
Puy-de-Dôme
72%
Ardennes
71%
Bas-Rhin
71%
Corse-du-Sud
71%
Gironde
71%
Maine-et-Loire
71%
Manche
71%
Isère
70%
Nièvre
70%
Vienne
70%
Allier
69%
Alpes-Maritimes
69%
Côtes-d'Armor
69%
Doubs
69%
Essonne
68%
Hautes-Pyrénées
68%
Meurthe-et-Moselle
68%
Seine-Saint-Denis
68%
Val-de-Marne
68%
Val-d'Oise
68%
Ariège
67%
Deux-Sèvres
67%
Dordogne
66%
Haute-Garonne
66%
Ille-et-Vilaine
66%
Landes
66%
Moselle
66%
Oise
66%
Pyrénées-Orientales
66%
Aisne
65%
Calvados
65%
Hauts-de-Seine
65%
Hérault
65%
Indre-et-Loire
65%
Marne
65%
Seine-et-Marne
65%
Seine-Maritime
65%
Tarn-et-Garonne
65%
Drôme
64%
Hautes-Alpes
64%
Lot-et-Garonne
64%
Mayenne
64%
Somme
64%
Var
64%
Bouches-du-Rhône
63%
Charente-Maritime
63%
Savoie
63%
Alpes-de-Haute-Provence
62%
Gard
62%
Haute-Marne
62%
Rhône (et métropole de Lyon)
61%
Cantal
60%
Côte-d'Or
60%
Eure-et-Loir
60%
Sarthe
60%
Corrèze
59%
Haute-Saône
59%
Eure
58%
Yonne
58%
Creuse
57%
Loiret
57%
Meuse
57%
Aude
56%
Aveyron
56%
Cher
56%
Vosges
56%
Ardèche
55%
Aube
55%
Loire
55%
Loir-et-Cher
55%
Paris
55%
Vaucluse
55%
Haute-Loire
52%
Charente
51%
Lozère
50%
Gers
48%
Indre
48%
Orne
48%
Saône-et-Loire
48%
Territoire de Belfort
47%
Lot
43%
Tarn
38%
Aucun quiz correspondant
Distribution des résultats
% des personnes avec chaque résultat
Percentile par nombre de réponses
Votre historique - résultats
Vous n’avez pas pris ce quiz